|
|
|
|
| LEADER |
00000nam a2200000 a 4500 |
| 001 |
vtls001483441 |
| 003 |
SK-MaSNL |
| 005 |
20260331204157.0 |
| 008 |
171030s2002 DE a 0 ger |
| 020 |
|
|
|a 3821224266
|
| 035 |
|
|
|a SNK000438736
|
| 035 |
|
|
|a urn:nbn:sk:snk-amls90
|
| 035 |
|
|
|a urn:nbn:sk:snk-am00c8z4
|
| 035 |
|
|
|a 10206895-34D5-47EB-B3B3-653A693C280D
|
| 040 |
|
|
|a SNK
|b slo
|c SNK
|e AACR2
|
| 041 |
0 |
|
|a ger
|
| 044 |
|
|
|a DE
|
| 072 |
|
7 |
|a 523/524
|x Slnečná sústava. Hviezdy. Vesmír
|2 konspekt
|
| 080 |
|
|
|a 52
|2 1981
|
| 080 |
|
|
|a 524.8
|2 1981
|
| 080 |
|
|
|a (084.4)
|2 1981
|
| 080 |
|
|
|a (0.053.2)
|2 1981
|
| 100 |
1 |
|
|a Schellenberger, Hans G.
|4 ill
|9 467573
|
| 245 |
1 |
4 |
|a Der grosse Xenos-Weltraumatlas für Kinder
|c Illustrationen: Hans G. Schellenberger ; Text: Dieter Schmidt
|
| 260 |
|
|
|a Hamburg
|b Xenos
|c [2002]
|e [Martin
|f Neografia]
|
| 300 |
|
|
|a 48 s.
|b fareb. ilustr.
|c 31 cm
|
| 650 |
0 |
7 |
|a astronómia
|2 SNK
|9 730
|
| 650 |
0 |
7 |
|a vesmír
|2 SNK
|9 1770
|
| 655 |
|
7 |
|a atlasy
|2 SNK
|9 70424
|
| 655 |
|
7 |
|a publikácie pre deti
|2 SNK
|9 70148
|
| 700 |
1 |
|
|a Schmidt, Dieter
|4 aut
|9 467574
|
| 919 |
|
|
|a 3-8212-2426-6
|
| 958 |
|
|
|a OND
|
| 999 |
|
|
|c 732321
|d 734251
|
| 952 |
|
|
|a SNK
|b SNK
|y VYP
|7 0
|p 17A0514575
|o snkSB 69402 D1
|i snk2006/12978
|8 1
|0 0
|1 0
|4 0
|d 2006-06-28
|l 0
|r 2026-02-23 22:33:39
|w 2026-02-23
|
| 952 |
|
|
|t P60, <03>, [BOOK], {603}
|a SNK
|b SNK
|y PREZ
|7 0
|p 17A0443574
|o snkSB 69402
|i snkD 1162/2004
|0 0
|1 0
|4 0
|d 2004-10-13
|f 1
|l 0
|r 2025-04-23 00:00:00
|w 2026-02-23
|